000 00563ntaaa2200217 4500
003 01
005 20251027202553.0
008 0714s1973 ag 01
040 _aAR-BaBN
_bspa
_cAR-BaBN
_eaacr
_dRIC
082 _a301.4270 Ed2
100 _aEdens, David
_910596
245 _aWhy God gave children parents
250 _a1 ed.
260 _aNashville :
_bBroadman Press,
_cc1966
300 _a128 p
500 _aPorque Dios da padres a los niños
650 _ahogar cristiana
_924798
650 _aniñez
700 _aEdens, Virginia
_910598
942 _cBK
999 _c20797
_d20797